[Event "UKRAINIAN WOMEN CHESS CHAMPIONSHIP 2011"]
[Site "?"]
[Date "2011.10.14"]
[Round "8.1"]
[White "Bezkorovaina, Marija"]
[Black "Dolzhykova, Kateryna"]
[Result "1/2-1/2"]
[WhiteElo "2023"]
[BlackElo "2311"]
[PlyCount "56"]
[EventDate "2011.10.07"]
[SourceDate "2011.10.07"]

1. e4 e5 2. Nf3 Nc6 3. Bb5 Nge7 4. Nc3 Ng6 5. d4 exd4 6. Nxd4 Nxd4 7. Qxd4 c6
8. Bc4 Qb6 9. Qxb6 axb6 10. Be3 b5 11. Bb3 Be7 12. O-O-O O-O 13. a4 b4 14. Ne2
d6 15. Nf4 Ne5 16. h3 Re8 17. Bb6 Nd7 18. Bc7 Nc5 19. Bxd6 Bxd6 20. Rxd6 Nxe4
21. Rd4 c5 22. Rd5 c4 23. Bxc4 Rxa4 24. Kb1 Be6 25. Bb5 Bxd5 26. Bxa4 Bc6 27.
Bxc6 bxc6 28. Nd3 c5 1/2-1/2

[Event "UKRAINIAN WOMEN CHESS CHAMPIONSHIP 2011"]
[Site "?"]
[Date "2011.10.14"]
[Round "8.2"]
[White "Doluhanova, Evgeniya"]
[Black "Gritsayeva, Oksana"]
[Result "1-0"]
[WhiteElo "2250"]
[BlackElo "2320"]
[PlyCount "103"]
[EventDate "2011.10.07"]
[SourceDate "2011.10.07"]

1. e4 c5 2. Nf3 e6 3. d4 cxd4 4. Nxd4 Nf6 5. Nc3 Qb6 6. Nb3 Nc6 7. Be3 Qc7 8.
Bd3 a6 9. f4 b5 10. O-O Bb7 11. Qe2 d6 12. Rae1 Be7 13. Qf3 b4 14. Ne2 Na5 15.
Nxa5 Qxa5 16. f5 e5 17. Ng3 h5 18. h3 h4 19. Ne2 Rc8 20. Nc1 Qc7 21. Bf2 Bd8
22. Qe3 Qc6 23. Nb3 Nd7 24. Nd2 Bb6 25. Qe2 Nf6 26. Nc4 Bxf2+ 27. Qxf2 Ke7 28.
Qd2 Qc5+ 29. Rf2 a5 30. b3 Rcg8 31. c3 g6 32. cxb4 axb4 33. Rc1 Rc8 34. fxg6
fxg6 35. Kh2 Rh5 36. Rcf1 Rf8 37. Be2 Nxe4 38. Rxf8 Nxd2 39. R1f7+ Ke6 40. Rf6+
Kd5 41. Rxd6+ Qxd6 42. Nxd6 Rh7 43. Nxb7 Kd4 44. Na5 Ke3 45. Bb5 Ra7 46. Nc4+
Nxc4 47. Bxc4 e4 48. Rb8 Rxa2 49. Rxb4 Kd2 50. Rb6 g5 51. Rd6+ Kc3 52. Rd5 1-0

[Event "UKRAINIAN WOMEN CHESS CHAMPIONSHIP 2011"]
[Site "?"]
[Date "2011.10.14"]
[Round "8.3"]
[White "Andrenko, Irina"]
[Black "Rakhmangulova, Anastasiya"]
[Result "1/2-1/2"]
[WhiteElo "2231"]
[BlackElo "2207"]
[PlyCount "46"]
[EventDate "2011.10.07"]
[SourceDate "2011.10.07"]

1. e4 d5 2. exd5 Qxd5 3. d4 Nf6 4. Nf3 Bg4 5. Be2 Nc6 6. O-O O-O-O 7. Be3 Qf5
8. Nbd2 e5 9. Nxe5 Nxe5 10. dxe5 Bxe2 11. Qxe2 Qxe5 12. Nc4 Qe6 13. Rfe1 Nd5
14. Rad1 Bb4 15. c3 Nxe3 16. Nxe3 Bc5 17. b3 Rhe8 18. Rxd8+ Rxd8 19. Nf1 Qxe2
20. Rxe2 a5 21. g4 Rd3 22. Rc2 g6 23. Ng3 Bd6 1/2-1/2

[Event "UKRAINIAN WOMEN CHESS CHAMPIONSHIP 2011"]
[Site "?"]
[Date "2011.10.14"]
[Round "8.6"]
[White "Goreskul, Alyona"]
[Black "Motsar, Irina"]
[Result "1-0"]
[WhiteElo "2199"]
[BlackElo "2145"]
[PlyCount "74"]
[EventDate "2011.10.07"]
[SourceDate "2011.10.07"]

1. e4 c5 2. Nf3 d6 3. d4 cxd4 4. Nxd4 Nf6 5. Nc3 a6 6. Be2 e6 7. a4 Be7 8. O-O
O-O 9. Be3 Nc6 10. Nb3 b6 11. f4 Qc7 12. g4 Nd7 13. g5 Re8 14. Rf3 Nc5 15. Rh3
g6 16. Qe1 Bf8 17. Qh4 h5 18. f5 Nb4 19. Bxh5 exf5 20. Bf3 Bg7 21. Bd4 Re5 22.
Bxe5 dxe5 23. exf5 e4 24. Qh7+ Kf8 25. f6 Bxh3 26. fxg7+ Ke7 27. Qxh3 exf3 28.
Qxf3 Rg8 29. Qf6+ Ke8 30. Re1+ Ne6 31. Rxe6+ fxe6 32. Qxe6+ Qe7 33. Qxg8+ Kd7
34. Qf8 Qe3+ 35. Qf2 Qxg5+ 36. Qg3 Qd8 37. Qg4+ Kc7 1-0

[Event "UKRAINIAN WOMEN CHESS CHAMPIONSHIP 2011"]
[Site "?"]
[Date "2011.10.14"]
[Round "8.7"]
[White "Tsirulnik, Maritsa"]
[Black "Kalinina, Marianna"]
[Result "1-0"]
[WhiteElo "2168"]
[BlackElo "2039"]
[PlyCount "151"]
[EventDate "2011.10.07"]
[SourceDate "2011.10.07"]

1. d4 Nf6 2. Nf3 g6 3. c4 d6 4. g3 Bg7 5. Bg2 O-O 6. O-O c6 7. Nc3 Na6 8. e4
Bg4 9. h3 Bxf3 10. Bxf3 e5 11. Be3 Qe7 12. Qd2 Nc7 13. d5 c5 14. a3 Nd7 15. Bg2
f5 16. Rae1 Nb6 17. Qd3 f4 18. Bc1 g5 19. Bf3 Kh8 20. Bg4 Nd7 21. Kg2 Nf6 22.
Bf5 Ng8 23. Rh1 Nh6 24. g4 Ne8 25. Bd2 Bf6 26. b4 b6 27. bxc5 dxc5 28. a4 Nd6
29. a5 bxa5 30. Be6 Nhf7 31. Na4 Nb7 32. Bxf7 Rxf7 33. Qa3 Qd6 34. Nc3 Bd8 35.
f3 h5 36. Nb5 Qg6 37. Bc3 Qf6 38. Qb2 Re7 39. Rb1 Kg8 40. Rhd1 Nd6 41. Nxd6
Qxd6 42. Qb5 a6 43. Qc6 Qxc6 44. dxc6 Re6 45. Rd5 hxg4 46. hxg4 Rxc6 47. Bxe5
Bb6 48. Bc3 Rg6 49. Rd7 Bd8 50. Rbd1 Bf6 51. R1d6 Bxc3 52. Rxg6+ Kf8 53. Rdd6
Ke7 54. Rge6+ Kf7 55. Rxa6 Rb8 56. Reb6 Rd8 57. Rd6 Rb8 58. Rab6 Ra8 59. Rb7+
Kf8 60. Rbb6 Ke7 61. Re6+ Kf7 62. Rec6 Bb4 63. e5 Ra7 64. Kf2 Bc3 65. e6+ Kf6
66. Ke2 Bb4 67. Kd3 Ra8 68. Ke4 Rd8 69. Rd6 Rh8 70. Rb7 Re8 71. e7+ Kf7 72. Kf5
Bc3 73. Kxg5 a4 74. Ra6 a3 75. Rxa3 Be5 76. Kf5 1-0

[Event "UKRAINIAN WOMEN CHESS CHAMPIONSHIP 2011"]
[Site "?"]
[Date "2011.10.14"]
[Round "8.8"]
[White "Rudakova, Janetta"]
[Black "Petrova, Irina"]
[Result "0-1"]
[WhiteElo "1986"]
[BlackElo "2107"]
[PlyCount "76"]
[EventDate "2011.10.07"]
[SourceDate "2011.10.07"]

1. Nf3 g6 2. e4 Bg7 3. d4 d6 4. Bc4 e6 5. Nc3 a6 6. a4 Ne7 7. O-O Nd7 8. Be3 b6
9. Qd2 h6 10. Rab1 Bb7 11. b4 Nf6 12. Bd3 Ng4 13. Bf4 g5 14. Bg3 f5 15. exf5
exf5 16. Nxg5 hxg5 17. Qxg5 Bxd4 18. Bxf5 Ne5 19. Ne2 Nf7 20. Qg4 Be5 21. Nf4
Nxf5 22. Qxf5 Qd7 23. Qxd7+ Kxd7 24. Ng6 Rhg8 25. Nxe5+ Nxe5 26. f3 Nc4 27. Rf2
Rae8 28. Bh4 Ne3 29. Re1 Nd5 30. Rb1 Re6 31. g4 Nf4 32. Rbf1 Nh3+ 33. Kg2 Nxf2
34. Kxf2 Rf8 35. Kg3 Re3 36. g5 Rexf3+ 37. Rxf3 Bxf3 38. c3 Bh5 0-1

[Event "UKRAINIAN WOMEN CHESS CHAMPIONSHIP 2011"]
[Site "?"]
[Date "2011.10.14"]
[Round "8.9"]
[White "Cherednichenko, Svetlana"]
[Black "Tkachova, Anastasia"]
[Result "1-0"]
[WhiteElo "2283"]
[BlackElo "1948"]
[PlyCount "35"]
[EventDate "2011.10.07"]
[SourceDate "2011.10.07"]

1. d4 Nf6 2. Nf3 e6 3. e3 b6 4. Bd3 Bb7 5. O-O c5 6. c4 Be7 7. Nc3 d5 8. Qe2
O-O 9. Rd1 cxd4 10. exd4 dxc4 11. Bxc4 Nd5 12. Ne5 Bf6 13. Ne4 a6 14. Qg4 Kh8
15. Rd3 Nb4 16. Rh3 Bxe5 17. dxe5 Bxe4 18. Qxe4 1-0

[Event "UKRAINIAN WOMEN CHESS CHAMPIONSHIP 2011"]
[Site "?"]
[Date "2011.10.14"]
[Round "8.10"]
[White "Tantsiura, Marja"]
[Black "Zingaylo, Anastasiya"]
[Result "1-0"]
[WhiteElo "2138"]
[BlackElo "2071"]
[PlyCount "91"]
[EventDate "2011.10.07"]
[SourceDate "2011.10.07"]

1. e4 c5 2. Nf3 e6 3. d4 cxd4 4. Nxd4 Nf6 5. Nc3 d6 6. Be2 Nc6 7. Be3 Be7 8.
O-O Bd7 9. f4 a6 10. Bf3 Qc7 11. Qe2 O-O 12. Qf2 e5 13. Nxc6 bxc6 14. Qg3 Rfb8
15. b3 Qa5 16. Ne2 Re8 17. Rad1 exf4 18. Nxf4 Bf8 19. Rd4 d5 20. Nh5 Nxh5 21.
Bxh5 g6 22. Ra4 Qc3 23. Qf2 c5 24. Rd4 Be6 25. Bd1 cxd4 26. Bxd4 Bc5 27. Bxc5
dxe4 28. Bd4 e3 29. Qf6 Qxd4 30. Qxd4 Bf5 31. Be2 Rad8 32. Qc4 Rd2 33. g4 Rc8
34. Qxa6 Rcxc2 35. gxf5 Rxe2 36. Qa8+ Kg7 37. f6+ Kh6 38. Qe4 g5 39. h4 Kh5 40.
hxg5 Red2 41. Qxh7+ Kg4 42. Qf5+ Kh5 43. Qh7+ Kg4 44. Qf5+ Kh4 45. Rf4+ Kh5 46.
g6+ 1-0

[Event "UKRAINIAN WOMEN CHESS CHAMPIONSHIP 2011"]
[Site "?"]
[Date "2011.10.14"]
[Round "8.11"]
[White "Sharovskaya, Olga"]
[Black "Bogdan, Darya"]
[Result "1/2-1/2"]
[WhiteElo "1957"]
[BlackElo "1920"]
[PlyCount "149"]
[EventDate "2011.10.07"]
[SourceDate "2011.10.07"]

1. e4 e5 2. Nf3 Nc6 3. Bb5 a6 4. Ba4 Nf6 5. O-O b5 6. Bb3 Be7 7. Re1 d6 8. c3
O-O 9. d3 Na5 10. Bc2 c5 11. Nbd2 Qc7 12. Nf1 c4 13. d4 Re8 14. Ng3 g6 15. h3
Bf8 16. Nh2 Bg7 17. a4 Bd7 18. axb5 axb5 19. Be3 Ra6 20. Qf3 Rea8 21. Bg5 Ne8
22. d5 h6 23. Bc1 Nb7 24. Rxa6 Rxa6 25. Ng4 Bxg4 26. hxg4 Nc5 27. Nf1 Ra2 28.
Qh3 Qd7 29. Nd2 Nf6 30. Nb1 Ra5 31. f3 h5 32. g5 Qxh3 33. gxh3 Nfd7 34. Rd1 Bf8
35. Na3 Be7 36. Be3 Bd8 37. Kf2 Kf8 38. Ke2 Bb6 39. Rb1 Ke7 40. Bc1 Nb3 41.
Bxb3 cxb3 42. Bd2 Bc5 43. c4 Rxa3 44. bxa3 bxc4 45. Bb4 Bd4 46. Kd2 Nb6 47. Ba5
Na4 48. Rc1 c3+ 49. Bxc3 b2 50. Bxb2 Bxb2 51. Rc7+ Ke8 52. Ra7 Nb6 53. a4 Bd4
54. Ra6 Nc8 55. a5 Kd7 56. Rc6 Bc5 57. f4 exf4 58. e5 Na7 59. Ra6 dxe5 60. Rf6
Ke7 61. Kd3 Bd6 62. a6 Nb5 63. h4 Na7 64. Ke4 Nc8 65. Kf3 Na7 66. Ke4 Nb5 67.
Kd3 Na7 68. Ke4 Nc8 69. Kf3 Nb6 70. a7 Na8 71. Ke4 Nc7 72. Kd3 Na8 73. Ke4 Nc7
74. Kd3 Na8 75. Ke4 1/2-1/2

[Event "UKRAINIAN WOMEN CHESS CHAMPIONSHIP 2011"]
[Site "?"]
[Date "2011.10.14"]
[Round "8.12"]
[White "Agudova, Olga"]
[Black "Myronenko, Natalya"]
[Result "1-0"]
[WhiteElo "1980"]
[BlackElo "1928"]
[PlyCount "153"]
[EventDate "2011.10.07"]
[SourceDate "2011.10.07"]

1. e4 e5 2. d4 exd4 3. Qxd4 Nc6 4. Qe3 g6 5. Bd2 Bg7 6. Nc3 Nf6 7. f3 O-O 8.
O-O-O d5 9. exd5 Nxd5 10. Nxd5 Qxd5 11. c4 Qe5 12. Qxe5 Nxe5 13. f4 Ng4 14. Nh3
Be6 15. Be2 Bd4 16. Rde1 Ne3 17. Ng5 Bxc4 18. Bf3 Nf5 19. b3 Ba6 20. g4 Nd6 21.
Re7 Rac8 22. Bd5 Bf6 23. Ree1 c5 24. f5 c4 25. b4 c3 26. Bf4 Bc4 27. Ne4 Nxe4
28. Bxe4 b6 29. a3 Bb5 30. g5 Bd4 31. f6 Bc6 32. Bxc6 Rxc6 33. Kc2 a5 34. bxa5
bxa5 35. Re4 Bc5 36. Rc4 Rfc8 37. Rd1 Bxa3 38. Rxc6 Rxc6 39. Rd8+ Bf8 40. Ra8
Rb6 41. Bc1 h6 42. h4 hxg5 43. hxg5 Rb5 44. Ba3 Rxg5 45. Bxf8 Kh7 46. Bg7 Rg2+
47. Kxc3 g5 48. Rxa5 Kg6 49. Kd4 Re2 50. Ra6 Re1 51. Bf8 g4 52. Bb4 Rf1 53. Be7
Re1 54. Ra3 Kf5 55. Rg3 Re4+ 56. Kd3 Re5 57. Re3 Rd5+ 58. Ke2 Ra5 59. Kf2 Ra2+
60. Kg3 Rc2 61. Rb3 Rc4 62. Rb5+ Kg6 63. Kh4 g3+ 64. Kxg3 Re4 65. Rb8 Rc4 66.
Rg8+ Kf5 67. Rg7 Ke6 68. Rg4 Rc3+ 69. Kf4 Rc4+ 70. Kg5 Rc2 71. Kh6 Re2 72. Kg7
Ra2 73. Re4+ Kf5 74. Re1 Rg2+ 75. Kxf7 Ra2 76. Ke8 Ra8+ 77. Bd8 1-0

[Event "UKRAINIAN WOMEN CHESS CHAMPIONSHIP 2011"]
[Site "?"]
[Date "2011.10.14"]
[Round "8.13"]
[White "Kurilo, Anna"]
[Black "Ponyatyshyna, Natalia"]
[Result "0-1"]
[WhiteElo "1655"]
[BlackElo "1794"]
[PlyCount "30"]
[EventDate "2011.10.07"]
[SourceDate "2011.10.07"]

1. Nf3 d6 2. b3 Bg4 3. Bb2 Bxf3 4. exf3 e5 5. d4 Nd7 6. Qe2 Qe7 7. Nd2 Ngf6 8.
O-O-O O-O-O 9. Re1 Re8 10. Nc4 exd4 11. Qd2 Qxe1+ 12. Qxe1 Rxe1+ 13. Kd2 Re8
14. Bxd4 d5 15. Ne3 c5 0-1

[Event "UKRAINIAN WOMEN CHESS CHAMPIONSHIP 2011"]
[Site "?"]
[Date "2011.10.15"]
[Round "9.2"]
[White "Andrenko, Irina"]
[Black "Tsirulnik, Maritsa"]
[Result "1-0"]
[WhiteElo "2231"]
[BlackElo "2168"]
[PlyCount "95"]
[EventDate "2011.10.07"]
[SourceDate "2011.10.07"]

1. e4 c5 2. Nf3 d6 3. d4 cxd4 4. Nxd4 Nf6 5. Nc3 Nc6 6. g3 Bd7 7. Nb3 e6 8. Bg2
Be7 9. O-O O-O 10. f4 Qc7 11. Be3 Rad8 12. g4 Na5 13. Nxa5 Qxa5 14. g5 Ne8 15.
f5 d5 16. fxe6 Bxe6 17. Nxd5 Bc5 18. Qe1 Bxe3+ 19. Qxe3 Nd6 20. b4 Qb5 21. a4
Qc4 22. Qc5 Bxd5 23. exd5 Qg4 24. Rad1 b6 25. Qd4 Qxg5 26. c4 Nf5 27. Qf4 Qxf4
28. Rxf4 Ne3 29. Rd3 g5 30. Re4 Nxg2 31. Kxg2 f5 32. Re7 Rf7 33. d6 Rxe7 34.
dxe7 Re8 35. Rd7 Kf7 36. Rxa7 Rxe7 37. Ra6 Rb7 38. b5 Ke7 39. a5 bxa5 40. Rxa5
Kd7 41. c5 Ke6 42. c6 Rb8 43. c7 Re8 44. b6 Kd7 45. Rxf5 Kc6 46. Re5 Ra8 47.
Re6+ Kb7 48. Rd6 1-0

[Event "UKRAINIAN WOMEN CHESS CHAMPIONSHIP 2011"]
[Site "?"]
[Date "2011.10.15"]
[Round "9.3"]
[White "Gaponenko, Inna"]
[Black "Bezkorovaina, Marija"]
[Result "1-0"]
[WhiteElo "2445"]
[BlackElo "2023"]
[PlyCount "69"]
[EventDate "2011.10.07"]
[SourceDate "2011.10.07"]

1. e4 c5 2. Ne2 d6 3. g3 Nc6 4. Bg2 g6 5. c3 Bg7 6. d4 Bg4 7. f3 Bd7 8. Be3
cxd4 9. cxd4 Nf6 10. Nbc3 O-O 11. O-O b5 12. Qd2 b4 13. Nd1 a5 14. Nf2 Qb8 15.
Rac1 Rc8 16. d5 Ne5 17. b3 Qb7 18. Nd4 Bb5 19. Rfd1 Rab8 20. h3 Qa6 21. f4 Ned7
22. Nc6 Bxc6 23. dxc6 Nb6 24. c7 Rb7 25. e5 Rbxc7 26. Rxc7 Rxc7 27. exf6 Bxf6
28. Qd3 Qxd3 29. Nxd3 Nd7 30. Rc1 Rc3 31. Rxc3 bxc3 32. Kf2 c2 33. Ne1 Nc5 34.
Nxc2 Nd3+ 35. Ke2 1-0

[Event "UKRAINIAN WOMEN CHESS CHAMPIONSHIP 2011"]
[Site "?"]
[Date "2011.10.15"]
[Round "9.4"]
[White "Rakhmangulova, Anastasiya"]
[Black "Goreskul, Alyona"]
[Result "1/2-1/2"]
[WhiteElo "2207"]
[BlackElo "2199"]
[PlyCount "23"]
[EventDate "2011.10.07"]
[SourceDate "2011.10.07"]

1. e4 e5 2. Nf3 Nf6 3. Nxe5 d6 4. Nf3 Nxe4 5. Qe2 Qe7 6. d3 Nf6 7. Bg5 Nbd7 8.
Nc3 Qxe2+ 9. Bxe2 a6 10. O-O-O h6 11. Bh4 Be7 12. Rhe1 1/2-1/2

[Event "UKRAINIAN WOMEN CHESS CHAMPIONSHIP 2011"]
[Site "?"]
[Date "2011.10.15"]
[Round "9.5"]
[White "Gritsayeva, Oksana"]
[Black "Vasilevich, Tatjana"]
[Result "0-1"]
[WhiteElo "2320"]
[BlackElo "2423"]
[PlyCount "92"]
[EventDate "2011.10.07"]
[SourceDate "2011.10.07"]

1. d4 Nf6 2. Nf3 e6 3. Bg5 h6 4. Bh4 c5 5. e3 Qb6 6. Bxf6 Qxb2 7. Nbd2 gxf6 8.
Bd3 d5 9. c4 dxc4 10. Nxc4 Qb4+ 11. Ke2 cxd4 12. Rb1 Qc5 13. Nxd4 Be7 14. Qa4+
Bd7 15. Qc2 Nc6 16. Rxb7 Qxd4 17. exd4 Nxd4+ 18. Kd2 Nxc2 19. Kxc2 Bc6 20. Rc7
Ba4+ 21. Kc3 Kd8 22. Rb7 Bc6 23. Rbb1 Bxg2 24. Rhg1 Bd5 25. Rg7 Ke8 26. Ne3
Rc8+ 27. Kd2 Bc6 28. Bb5 Kf8 29. Rgg1 Be4 30. Rb3 Bd6 31. Bd3 Bf3 32. Be2 Ba8
33. Rg4 Ke7 34. Ra4 Rc7 35. Rh4 f5 36. Bd3 Bc5 37. Ke2 Rcc8 38. Nc4 Bd5 39. Rb1
Kf6 40. f3 Rcg8 41. Ne3 Bxe3 42. Kxe3 Rg2 43. a4 Kg5 44. Rh3 f4+ 45. Kd4 Rd8
46. Rb5 f6 0-1

[Event "UKRAINIAN WOMEN CHESS CHAMPIONSHIP 2011"]
[Site "?"]
[Date "2011.10.15"]
[Round "9.7"]
[White "Kalinina, Olga"]
[Black "Cherednichenko, Svetlana"]
[Result "0-1"]
[WhiteElo "2288"]
[BlackElo "2283"]
[PlyCount "88"]
[EventDate "2011.10.07"]
[SourceDate "2011.10.07"]

1. e4 e5 2. Nf3 Nc6 3. Bc4 Nf6 4. d3 Be7 5. c3 O-O 6. Bb3 d6 7. Nbd2 Na5 8. Bc2
c5 9. d4 cxd4 10. cxd4 Nc6 11. d5 Nb4 12. Bb1 a5 13. Nc4 Qc7 14. Na3 Bd7 15.
Bd3 Nxd3+ 16. Qxd3 Rfc8 17. O-O b5 18. Be3 Qb7 19. Rfc1 Ng4 20. Nc2 b4 21. h3
Bb5 22. Qd1 Nf6 23. Nd2 Bd3 24. f3 Nh5 25. Kh2 Bh4 26. g4 Ng3 27. Ne1 Be2 28.
Qa4 Rxc1 29. Rxc1 Bb5 30. Qd1 Ne2 31. Rc4 Bxc4 32. Nxc4 Qa6 33. Qxe2 Bxe1 34.
b3 Bc3 35. Bd2 a4 36. Kg3 axb3 37. axb3 Qa1 38. Be3 Ra2 39. Nd2 Bxd2 40. Bxd2
g5 41. Qe3 h6 42. Bxb4 Qh1 43. Bd2 Ra1 44. Kf2 Qh2# 0-1

[Event "UKRAINIAN WOMEN CHESS CHAMPIONSHIP 2011"]
[Site "?"]
[Date "2011.10.15"]
[Round "9.10"]
[White "Ponyatyshyna, Natalia"]
[Black "Rudakova, Janetta"]
[Result "0-1"]
[WhiteElo "1794"]
[BlackElo "1986"]
[PlyCount "116"]
[EventDate "2011.10.07"]
[SourceDate "2011.10.07"]

1. d4 Nf6 2. c4 d5 3. Nf3 e6 4. Bg5 Bb4+ 5. Nc3 dxc4 6. e3 a6 7. Bxc4 b5 8. Bd3
Bb7 9. O-O Be7 10. Rc1 Nbd7 11. Qe2 c5 12. Rfd1 c4 13. Bb1 O-O 14. e4 Re8 15.
a4 Qa5 16. Qc2 g6 17. h4 b4 18. e5 Nd5 19. Ne4 N7b6 20. Qd2 Qxa4 21. Bxe7 Rxe7
22. Nf6+ Kg7 23. Qg5 Rh8 24. Nh5+ Kf8 25. Qh6+ Ke8 26. Qg7 Rf8 27. Nf6+ Nxf6
28. exf6 Rc7 29. Ng5 Nd7 30. Nxe6 Qc6 31. d5 Qd6 32. Re1 Ne5 33. Rxe5 fxe6 34.
Rxe6+ Qxe6 35. Qxf8+ Kxf8 36. dxe6 Bd5 37. e7+ Kf7 38. Rd1 Bc6 39. Rd8 Be8 40.
Be4 Rc5 41. g4 a5 42. g5 a4 43. Bd5+ Rxd5 44. Rxd5 c3 45. bxc3 b3 46. Rd8 b2
47. Rb8 a3 48. Kg2 a2 49. Rxb2 a1=Q 50. Rb3 Qa4 51. Rb4 Qc6+ 52. f3 Qxc3 53.
Re4 Qd2+ 54. Kg3 h6 55. Re5 Qd4 56. Re4 Qg1+ 57. Kf4 h5 58. Rb4 Qf2 0-1

[Event "UKRAINIAN WOMEN CHESS CHAMPIONSHIP 2011"]
[Site "?"]
[Date "2011.10.15"]
[Round "9.11"]
[White "Bogdan, Darya"]
[Black "Agudova, Olga"]
[Result "1-0"]
[WhiteElo "1920"]
[BlackElo "1980"]
[PlyCount "107"]
[EventDate "2011.10.07"]
[SourceDate "2011.10.07"]

1. d4 f5 2. g3 e6 3. Bg2 Nf6 4. c4 Bb4+ 5. Bd2 Bxd2+ 6. Nxd2 d5 7. Nh3 Qe7 8.
O-O O-O 9. Nf3 c6 10. Qc2 Na6 11. Nf4 Ne4 12. Nd3 Bd7 13. a3 Nc7 14. Nfe5 Be8
15. Rad1 g5 16. Qc1 Qg7 17. f3 Nf6 18. Nf2 h5 19. e4 Rd8 20. cxd5 cxd5 21. Qe3
f4 22. gxf4 gxf4 23. Qxf4 Nxe4 24. Qh4 Qg5 25. Qxg5+ Nxg5 26. Nh3 Rf5 27. Nxg5
Rxg5 28. Kf2 Nb5 29. h4 Rg7 30. Bh3 Bf7 31. Ke3 Nd6 32. Rc1 Kf8 33. Rc7 Rg3 34.
Rh1 Bg8 35. Nd7+ Ke7 36. Nc5+ Kf6 37. Nxb7 Nc4+ 38. Kf2 Rxh3 39. Rxh3 Rb8 40.
Rh1 Nxb2 41. Nc5 Rb5 42. Rxa7 Nc4 43. Re1 Rb2+ 44. Re2 Rb1 45. Nd7+ Kf5 46. Ne5
Nd6 47. a4 Kf6 48. Rd2 Bf7 49. Nxf7 Nxf7 50. a5 Nd6 51. a6 Nf5 52. Ra8 Ra1 53.
a7 Ke7 54. Rh8 1-0

[Event "UKRAINIAN WOMEN CHESS CHAMPIONSHIP 2011"]
[Site "?"]
[Date "2011.10.15"]
[Round "9.12"]
[White "Myronenko, Natalya"]
[Black "Tkachova, Anastasia"]
[Result "0-1"]
[WhiteElo "1928"]
[BlackElo "1948"]
[PlyCount "96"]
[EventDate "2011.10.07"]
[SourceDate "2011.10.07"]

1. e4 c5 2. Nf3 Nc6 3. d4 cxd4 4. Nxd4 g6 5. Nc3 Bg7 6. Be3 Nf6 7. Be2 O-O 8.
f4 d6 9. Nb3 Be6 10. g4 Na5 11. g5 Nd7 12. Bd4 Nxb3 13. axb3 Bxd4 14. Qxd4 Qb6
15. Qxb6 Nxb6 16. Nb5 a6 17. Nc7 Rac8 18. Nxe6 fxe6 19. Bd3 Rxf4 20. Ke2 Rcf8
21. Raf1 e5 22. h4 e6 23. Rfg1 d5 24. Ke1 Nd7 25. h5 gxh5 26. Rxh5 Nc5 27. Be2
Rxe4 28. g6 hxg6 29. Rxg6+ Kf7 30. Rgh6 Ke7 31. Rh7+ Kd6 32. b4 Rxb4 33. b3 Ne4
34. Rg7 a5 35. Rhh7 Nc5 36. Rh3 a4 37. bxa4 Rxa4 38. Kd2 Ra1 39. Rh2 Ne4+ 40.
Ke3 Ra3+ 41. Bd3 d4+ 42. Ke2 Nc3+ 43. Kd2 e4 44. Be2 e3+ 45. Kd3 Nd5+ 46. Kc4
b5+ 47. Kxb5 Rb8+ 48. Kc4 Rb4# 0-1

[Event "UKRAINIAN WOMEN CHESS CHAMPIONSHIP 2011"]
[Site "?"]
[Date "2011.10.15"]
[Round "9.13"]
[White "Zingaylo, Anastasiya"]
[Black "Kurilo, Anna"]
[Result "1-0"]
[WhiteElo "2071"]
[BlackElo "1655"]
[PlyCount "77"]
[EventDate "2011.10.07"]
[SourceDate "2011.10.07"]

1. e4 c5 2. c3 d6 3. d4 cxd4 4. cxd4 Nf6 5. Nc3 a6 6. Nf3 b5 7. a3 Bb7 8. Bd3
e6 9. O-O Be7 10. Qe2 Nbd7 11. Re1 e5 12. b4 O-O 13. Bb2 Rc8 14. Rad1 Qb6 15.
Bb1 Rfd8 16. Ba2 Ne8 17. dxe5 dxe5 18. Rxd7 Rxd7 19. Nxe5 Rdc7 20. Bxf7+ Kf8
21. Bb3 Bf6 22. Nd5 Bxd5 23. Bxd5 Qd6 24. f4 g6 25. Bd4 Be7 26. Qe3 Ng7 27. Nf7
Qd7 28. f5 gxf5 29. Qh6 Ke8 30. Qxg7 Rc1 31. Qh8+ Bf8 32. Qe5+ Qe7 33. Nd6+ Kd8
34. Bb6+ Kd7 35. Qxf5+ Kxd6 36. e5+ Kxd5 37. e6+ Kc6 38. Rxc1+ Kb7 39. Qd5+ 1-0